| 000 | 00473nam a22001577a 4500 | ||
|---|---|---|---|
| 008 | 220921b |||||||| |||| 00| 0 eng d | ||
| 020 | _a119143642 | ||
| 050 |
_aBF199 _b.B38 2017 C.1 |
||
| 100 | _aBaum, William M. | ||
| 245 |
_aUnderstanding behaviorism: _bBehavior, culture and evolution _cWilliam M. Baum |
||
| 250 | _a3rd ed. | ||
| 260 |
_aWest Sussex _bWiley Backwell _c2017 |
||
| 300 | _axvii,301p. | ||
| 650 |
_aBehaviorism(Psychology) _vTextbooks |
||
| 942 |
_2lcc _cBK |
||
| 999 |
_c19512 _d19511 |
||